| 000 | 00820cab a2200241 4500 | ||
|---|---|---|---|
| 001 | WB2926-21 | ||
| 008 | 090401t1993 xxu||||| |||| 00| 0 eng d | ||
| 035 | _a(Sirsi) u67804 | ||
| 041 | _aeng | ||
| 245 | _aHouse condition survey | ||
| 260 | _c1993 | ||
| 350 | _a0 | ||
| 490 |
_aSunday Telegraph _v4 July 1993, 21(2) |
||
| 520 | _aAfter publication of preliminary results of the English House Condition Survey 1991 this article questions the validity of some of the figures, including the high rise in the number of dwellings unfit for human habitation. | ||
| 650 | _aENGLISH HOUSE CONDITION SURVEY 1991 | ||
| 650 | _aHOUSE CONDITION SURVEY | ||
| 650 | _aSTATISTICS | ||
| 650 | _aUNFIT HOUSES | ||
| 690 | _aBUILT ENVIRONMENT-BUILDING PATHOLOGY | ||
| 690 | _aHOUSING | ||
| 942 | _n0 | ||
| 948 | _c04/03/1997 | ||
| 999 |
_c42472 _d42472 |
||